000 00923nam a2200277 a 4500
999 _c10702
_d10702
001 20016005
003 OCoLC
005 20210302144129.0
008 890619s1989 mnua b 001 0 eng
010 _a89-15153
020 _a0871239302
035 _a5146267
040 _aDLC
_cDLC
_dOSU
050 _aBV4464.3
_bH473H
050 0 0 _aBV4464.3
_bH473H
082 _bH473H
100 1 _aHeitritter, Lynn
245 1 0 _aHelping victims of sexual abuse :
_ba sensitive, Biblical guide for counselors, victims, and families /
_cLynn Heitritter & Jeanette Vought
260 _aMinneapolis, Minn. :
_bBethany House Publishers,
_cc1989
300 _a272 p. :
_bill. ;
_c22 cm
504 _aIncludes bibliographical references and index
650 0 _aSexually abused children
_xPastoral counseling of
650 0 _aAdult child sexual abuse victims
_xPastoral counseling of
700 1 0 _aVought, Jeanette
942 _2ddc
_cBK